[Event "Seebach op 23rd"]
[Site "Grossenseebach"]
[Date "2012.06.09"]
[Round "6"]
[White "Homfeldt, Maren"]
[Black "Budschigk, Gerd"]
[Result "1/2-1/2"]
[WhiteElo "836"]
[BlackElo "1115"]
[PlyCount "23"]
[EventDate "2012.06.07"]
[EventType "swiss"]
[EventRounds "7"]
[EventCountry "GER"]
[SourceTitle "EXT 2013"]
[Source "ChessBase"]
[SourceDate "2012.11.22"]
[SourceVersion "1"]
[SourceVersionDate "2012.11.22"]
[SourceQuality "1"]

1. g3 e5 2. Bg2 Nf6 3. h3 d5 4. e3 Nc6 5. a3 Be7 6. Ne2 0-0 7. d3 Bd7 8. Nd2 d4 9. e4 Bd6 10. b3 b5 11. Bb2 Na5 12. f4 1/2-1/2